Ausgewählte reden und aufsätze über geld- und bankwesen, (Record no. 23557)

MARC details
000 -LEADER
fixed length control field 00847cam a22002411 4500
001 - CONTROL NUMBER
control field g 01000749
003 - CONTROL NUMBER IDENTIFIER
control field DLC
005 - DATE AND TIME OF LATEST TRANSACTION
control field 20260227111252.0
008 - FIXED-LENGTH DATA ELEMENTS--GENERAL INFORMATION
fixed length control field 800827s1900 gw c 000 0 ger
010 ## - LIBRARY OF CONGRESS CONTROL NUMBER
LC control number g 01000749
035 ## - SYSTEM CONTROL NUMBER
System control number (OCoLC)6658393
040 ## - CATALOGING SOURCE
Original cataloging agency DLC
Transcribing agency NNU
Modifying agency DLC
042 ## - AUTHENTICATION CODE
Authentication code premarc
050 00 - LIBRARY OF CONGRESS CALL NUMBER
Classification number HG999
Item number .B2
100 1# - MAIN ENTRY--PERSONAL NAME
Personal name Bamberger, Ludwig,
Dates associated with a name 1823-1899.
245 00 - TITLE STATEMENT
Title Ausgewählte reden und aufsätze über geld- und bankwesen,
Statement of responsibility, etc. von Ludwig Bamberger. Im auftrag des Vereins zum schutz der deutschen goldwährung, hrsg. von Karl Helfferich.
260 ## - PUBLICATION, DISTRIBUTION, ETC.
Place of publication, distribution, etc. Berlin,
Name of publisher, distributor, etc. J. Guttentag,
Date of publication, distribution, etc. 1900.
300 ## - PHYSICAL DESCRIPTION
Extent vi, p., 1 l., 670 p.
Other physical details front. (port.)
Dimensions 24 cm.
490 0# - SERIES STATEMENT
Series statement Verein zum schutz der deutschen goldwährung. Schriften. 1
650 #0 - SUBJECT ADDED ENTRY--TOPICAL TERM
Topical term or geographic name entry element Money.
650 #0 - SUBJECT ADDED ENTRY--TOPICAL TERM
Topical term or geographic name entry element Banks and banking.
700 1# - ADDED ENTRY--PERSONAL NAME
Personal name Helfferich, Karl,
Dates associated with a name 1872-1924,
Relator term ed.

No items available.

Powered by Koha